1269 1944 1352 1124 1891 1060 1707 1647 1815 1430 1373 1437 1015 1270 1797 1317 1974 1006 1790 1630 1532 1255 1006 1590 1361 1101 1651 1738 1048 1772 1209 1912 1351 1507 1049 1822 1828 1821 1980 1654 1430 1075 1295 1748 1822 1189 1609 1213 1018 1100 1858 1649 1999 1520 1879 1319 1931 1390 1209 1569 1658 1061 1858 1226 1996 1944 1249 1540 1061 1226 1234 1249 1941 1389 1778 1180 1716 1703 1517 1449 1256 1366 1985 1754 1966 1987 1525 1364 1876 1614 1712 1089 1035 1001 1721 1065 1844 1483 1338 BCNSPRNW ULIB Ver.6.0+V

เปลี่ยนเป็นภาษาไทย

Change to English
 แสดงรายละเอียดบรรณานุกรม
  กลับหน้าหลัก

Brief Record : Get Marc (ISO 2709) : E-mail record : QR code < ปิดหน้าต่าง
LEADER : 00000nam 2200000uu 4500
001    13399124859
003     ULIB
008    160419s2558||||th 000 0 tha d
020    ^a9786165514835
060  4 ^aWH100 น189C
100    ^aนภชาญ เอื้อประเสริฐ
245    ^aChulalongkorn Hematology Handbook^c/บรรณาธิการโดยนภชาญ เอื้อประเสริฐ
250    ^aพิมพ์ครั้งที่ 3
260    ^aกรุงเทพฯ :^bโรงพิมพ์แห่งจุฬาลงกรณ์มหาวิทยาลัย,^c2558
300    ^a221 หน้า^bภาพประกอบ
650    ^aHematology Handbook
650    ^aโลหิตวิทยา
945    ^p220^l0^i000578
945    ^p220^l0^i000579
945    ^p220^l0^i000580
945    ^p220^l0^i000581
945    ^p220^l0^i000582
945    ^p220^l0^i000583
945    ^p220^l0^i000584
945    ^p220^l0^i000585
945    ^p220^l0^i000586
945    ^p220^l0^i000587
999    ^aเกษร โพธิ์สุวรรณ
รายการนี้ยังไม่มีแท็ก
คุณยังไม่ได้ล็อกอิน คุณสามารถมีกิจกรรมร่วมกับเว็บไซต์ได้ แต่ต้องล็อกอินก่อน ::
  ล็อกอิน

รายการสื่อสารสนเทศ

ลำดับที่ ประเภท เลขเรียก/บาร์โค้ด สถานที่ สถานะ
1. วิทยาศาสตร์การแพทย์ และสุขภาพ
วิทยาศาสตร์การแพทย์ และสุขภาพ
สถานะ=หนังสือเก่า
WH100 น189C ฉ.1 
  Barcode: 000578
ห้องสมุดวิทยาเขตสวรรค์ประชารักษ์
►ส่วนจัดเก็บหนังสือเก่า สปร
บนชั้น
  ขอยืม
2. วิทยาศาสตร์การแพทย์ และสุขภาพ
วิทยาศาสตร์การแพทย์ และสุขภาพ
สถานะ=หนังสือเก่า
WH100 น189C ฉ.10 
  Barcode: 000587
ห้องสมุดวิทยาเขตสวรรค์ประชารักษ์
►ส่วนจัดเก็บหนังสือเก่า สปร
บนชั้น
  ขอยืม
3. วิทยาศาสตร์การแพทย์ และสุขภาพ
วิทยาศาสตร์การแพทย์ และสุขภาพ
สถานะ=หนังสือเก่า
WH100 น189C ฉ.2 
  Barcode: 000579
ห้องสมุดวิทยาเขตสวรรค์ประชารักษ์
►ส่วนจัดเก็บหนังสือเก่า สปร
บนชั้น
  ขอยืม
4. วิทยาศาสตร์การแพทย์ และสุขภาพ
วิทยาศาสตร์การแพทย์ และสุขภาพ
สถานะ=หนังสือเก่า
WH100 น189C ฉ.3 
  Barcode: 000580
ห้องสมุดวิทยาเขตสวรรค์ประชารักษ์
►ส่วนจัดเก็บหนังสือเก่า สปร
บนชั้น
  ขอยืม
5. วิทยาศาสตร์การแพทย์ และสุขภาพ
วิทยาศาสตร์การแพทย์ และสุขภาพ
สถานะ=หนังสือเก่า
WH100 น189C ฉ.4 
  Barcode: 000581
ห้องสมุดวิทยาเขตสวรรค์ประชารักษ์
►ส่วนจัดเก็บหนังสือเก่า สปร
บนชั้น
  ขอยืม
6. วิทยาศาสตร์การแพทย์ และสุขภาพ
วิทยาศาสตร์การแพทย์ และสุขภาพ
สถานะ=หนังสือเก่า
WH100 น189C ฉ.5 
  Barcode: 000582
ห้องสมุดวิทยาเขตสวรรค์ประชารักษ์
►ส่วนจัดเก็บหนังสือเก่า สปร
บนชั้น
  ขอยืม
7. วิทยาศาสตร์การแพทย์ และสุขภาพ
วิทยาศาสตร์การแพทย์ และสุขภาพ
สถานะ=หนังสือเก่า
WH100 น189C ฉ.6 
  Barcode: 000583
ห้องสมุดวิทยาเขตสวรรค์ประชารักษ์
►ส่วนจัดเก็บหนังสือเก่า สปร
บนชั้น
  ขอยืม
8. วิทยาศาสตร์การแพทย์ และสุขภาพ
วิทยาศาสตร์การแพทย์ และสุขภาพ
สถานะ=หนังสือเก่า
WH100 น189C ฉ.7 
  Barcode: 000584
ห้องสมุดวิทยาเขตสวรรค์ประชารักษ์
►ส่วนจัดเก็บหนังสือเก่า สปร
บนชั้น
  ขอยืม
9. วิทยาศาสตร์การแพทย์ และสุขภาพ
วิทยาศาสตร์การแพทย์ และสุขภาพ
สถานะ=หนังสือเก่า
WH100 น189C ฉ.8 
  Barcode: 000585
ห้องสมุดวิทยาเขตสวรรค์ประชารักษ์
►ส่วนจัดเก็บหนังสือเก่า สปร
บนชั้น
  ขอยืม
10. วิทยาศาสตร์การแพทย์ และสุขภาพ
วิทยาศาสตร์การแพทย์ และสุขภาพ
สถานะ=หนังสือเก่า
WH100 น189C ฉ.9 
  Barcode: 000586
ห้องสมุดวิทยาเขตสวรรค์ประชารักษ์
►ส่วนจัดเก็บหนังสือเก่า สปร
บนชั้น
  ขอยืม

รายการใกล้เคียง
    ผู้แต่ง [นภชาญ เอื้อประเสริฐ]

    หัวเรื่อง [โลหิตวิทยา]

BibComment


ยังไม่เคยถูกคอมเมนท์

คอมเมนท์ทรัพยากรรายการนี้
  คอมเมนท์: Chulalongkorn He..


 Copyright 2026. Bcnsprnw @Library